000 02149cam a2200361 4500500
005 20260111082302.0
041 _afre
042 _adc
100 1 0 _aBrosset, Estelle
_eauthor
245 0 0 _aDroit des biotechnologies 2020 : encore une année de « teasing »
260 _c2021.
500 _a3
520 _aL’année 2020, comme l’année 2019, est une année d’entre-deux en matière de droit des biotechnologies. C’est particulièrement le cas à propos de l’application du droit des biotechnologies à un certain nombre de techniques de mutagénèse. Suite à l’arrêt de la CJUE puis l’arrêt du Conseil d’État, leur sort réglementaire en France et dans l’Union européenne fait encore l’objet d’un long « teasing ».
520 _aIn 2020, as in 2019, biotechnology law stands in in-between place. This is particularly the case of the mutagenesis techniques’ legal standing. Following a Judgment of the CJEU and of the Conseil d’État, their regulatory framework in France and in European Union were subject of a long "teasing".
690 _aDirective 2001/18/CE relative à la dissémination volontaire d’organismes génétiquement modifiés dans l’environnement
690 _aHaut Conseil des biotechnologies
690 _amise sur le marché d’OGM
690 _anouvelles techniques de sélection
690 _aOGM
690 _aprincipe de précaution
690 _atechniques de mutagénèse
690 _avariétés tolérantes aux herbicides
690 _aDirective 2001/18/EC on the deliberate release into the environment of genetically modified organisms Environment
690 _aGMOs
690 _aherbicide tolerant varieties
690 _aHigh Concil of Biotechnology
690 _amutagenesis techniques
690 _anew breeding technics
690 _aplacing of the market of GMOs
690 _aprecaution principle
786 0 _nRevue juridique de l’environnement | Volume 46 | 3 | 2021-09-07 | p. 597-604 | 0397-0299
856 4 1 _uhttps://droit.cairn.info/revue-juridique-de-l-environnement-2021-3-page-597?lang=fr&redirect-ssocas=7080
999 _c1617224
_d1617224